000 00237nmm a2200085Ia 4500
008 220120s9999||||xx |||||||||||||||||und||
020 _a0-07-052929
100 _aDigit
245 0 _aAugust 2011: Video tutorials, firefoxes latest build, Aurora
999 _c139693
_d139693